Wordt geladen...
Sani mahathmyam
| Hoofdauteur: | |
|---|---|
| Formaat: | Printed Book |
| Gepubliceerd in: |
Kottayam
DC books
2014
|
| LEADER | 00382nam a22001217a 4500 | ||
|---|---|---|---|
| 020 | |a 9788126450152 | ||
| 082 | |a 133.5 |b SVO.S | ||
| 100 | |a Robert E Svoboda | ||
| 245 | |a Sani mahathmyam | ||
| 260 | |a Kottayam |b DC books |c 2014 | ||
| 942 | |c BK | ||
| 999 | |c 2955 |d 2955 | ||
| 952 | |0 0 |1 0 |4 0 |6 133_500000000000000_SVO_S |7 0 |8 NFIC |9 2960 |a CAMPUS |b CAMPUS |d 2015-04-16 |l 0 |o 133.5 SVO.S |p 20544 |r 2015-04-16 |w 2015-04-16 |y BK | ||